[Event "AUTO-INT-2548"]
[Site "http://www.queenalice.com/game.php?id=1148223"]
[Date "2013.2.2"]
[Round "1"]
[White "daviciranda"]
[Black "chris70"]
[Result "1-0"]
[WhiteElo "1494"]
[BlackElo "1342"]

1. d4 d5 2. e4 dxe4 3. d5 Nf6 4. Bc4 e6 5. Be3 exd5 6. Bb3 Nc6 7. a3 Bd6 8. Nd2
O-O 9. Qe2 d4 10. Bg5 Be7 11. Bh4 Be6 12. O-O-O d3 13. Qe3 Bxb3 14. Nxb3 Ng4 15.
Qxe4 dxc2 16. Rxd8 Raxd8 17. Qxg4 Bxh4 18. Qxh4 Rd1+ 19. Kxc2 Rfd8 20. Qf4 1-0

[Event "AUTO-INT-2548"]
[Site "http://www.queenalice.com/game.php?id=1148224"]
[Date "2013.2.2"]
[Round "1"]
[White "chris70"]
[Black "daviciranda"]
[Result "0-1"]
[WhiteElo "1299"]
[BlackElo "1499"]

1. e4 d5 2. Bd3 d4 3. Nf3 e6 4. c3 Bc5 5. O-O Bd7 6. cxd4 Bb6 7. Nc3 Bc6 8. d5
exd5 9. exd5 Bxd5 10. Qe2+ Ne7 11. Be4 Bc6 12. Bxc6+ Nxc6 13. Rd1 Qd7 14. d3
O-O-O 15. Ng5 Qf5 16. Be3 Nd5 17. Bxb6 Nxb6 18. Nge4 Nd4 19. Qd2 h5 20. Ne2 Ne6
21. f3 g5 22. N2g3 Qb5 23. h3 Nc4 24. dxc4 Qb6+ 25. Qf2 Rxd1+ 0-1

[Event "AUTO-INT-2548"]
[Site "http://www.queenalice.com/game.php?id=1148235"]
[Date "2013.2.2"]
[Round "1"]
[White "ipontelo"]
[Black "chris70"]
[Result "1-0"]
[WhiteElo "1716"]
[BlackElo "1334"]

1. e4 c5 2. Bc4 e6 3. Nf3 Nc6 4. e5 Qc7 5. Qe2 d5 6. exd6 Bxd6 7. Nc3 a6 8. Ng5
Bxh2 9. g3 Nd4 10. Qd3 Qe5+ 11. Nge4 Qh5 12. Nxc5 Qxc5 13. Rxh2 b5 14. Bb3 Nf6
15. Ne4 Qe5 16. Rh4 g5 17. f4 gxf4 18. gxf4 Qc7 19. Nxf6+ Ke7 20. Qxd4 Rd8 21.
Qe4 Bd7 22. Nd5+ 1-0

[Event "AUTO-INT-2548"]
[Site "http://www.queenalice.com/game.php?id=1148236"]
[Date "2013.2.2"]
[Round "1"]
[White "chris70"]
[Black "ipontelo"]
[Result "0-1"]
[WhiteElo "1346"]
[BlackElo "1732"]

1. e4 e5 2. Nf3 Nc6 3. d4 exd4 4. Nxd4 Bc5 5. Be3 d5 6. exd5 Nxd4 7. Bxd4 Qxd5
8. Nc3 Qe6+ 9. Ne2 Bxd4 10. Qxd4 Nf6 11. O-O-O O-O 12. b3 Bd7 13. Nf4 Qc6 14.
Bc4 Rad8 15. Qxa7 Ra8 16. Qd4 Rxa2 17. Kd2 Ne4+ 18. Kd3 Bf5 19. Ke3 Rxc2 20. Rc1
Rc3+ 21. Rxc3 Nxc3 22. Nd5 Re8+ 23. Kf4 Nxd5+ 24. Bxd5 Qg6 25. h3 c6 26. Bf3 f6
27. g4 Qg5+ 28. Kg3 Bc2 29. Qc4+ Kf8 30. Qxc2 Qe5+ 31. Kg2 g6 32. Rd1 f5 33. Qd3
fxg4 34. hxg4 Qg5 35. Qd6+ Kg7 36. Qd7+ Re7 37. Qd4+ Kh6 38. Qd2 Rf7 0-1

[Event "Let's Play Chess!"]
[Site "http://www.queenalice.com/game.php?id=1150455"]
[Date "2013.2.10"]
[Round "-"]
[White "friedrich"]
[Black "chris70"]
[Result "1-0"]
[WhiteElo "2107"]
[BlackElo "1334"]

1. d4 d5 2. c4 Nf6 3. cxd5 Nxd5 4. Nf3 Nc6 5. e4 Nf6 6. d5 Nb4 7. Qa4+ c6 8.
Qxb4 e6 9. Qb3 Nxe4 10. dxc6 bxc6 11. Nc3 Qa5 12. Qc4 Nxc3 13. Qxc6+ 1-0

[Event "Challenge"]
[Site "http://www.queenalice.com/game.php?id=1158015"]
[Date "2013.3.5"]
[Round "-"]
[White "chris70"]
[Black "TheOperator"]
[Result "0-1"]
[WhiteElo "1308"]
[BlackElo "1479"]

1. e4 e5 2. Nf3 Nc6 3. d4 Nf6 4. Nc3 d6 5. dxe5 Ng4 6. Qe2 dxe5 7. h3 Nf6 8. a3
Bd6 9. Bg5 h6 10. Bxf6 Qxf6 11. Nd5 Qe6 12. O-O-O O-O 13. Qe3 b6 14. g4 Bc5 15.
Qe2 a6 16. Nxc7 Qa2 17. Nxa8 Qa1+ 18. Kd2 Qxb2 19. a4 Qb4+ 20. c3 Qxa4 0-1

[Event "AUTO-INT-2577"]
[Site "http://www.queenalice.com/game.php?id=1158218"]
[Date "2013.3.5"]
[Round "1"]
[White "Tuarek"]
[Black "chris70"]
[Result "1-0"]
[WhiteElo "1741"]
[BlackElo "1332"]

1. e4 c5 2. Nf3 d6 3. c3 Nc6 4. d4 Bg4 5. Be2 e5 6. d5 Nb8 7. O-O Nf6 8. h3 Bxf3
9. Bxf3 g6 10. Re1 Bg7 11. Qb3 b6 12. Bg5 O-O 13. Nd2 Nbd7 14. Nc4 Qc7 15. Qc2
h6 16. Be3 Rfd8 17. Na3 a6 18. Nc4 b5 19. Nd2 1-0

[Event "AUTO-INT-2577"]
[Site "http://www.queenalice.com/game.php?id=1158219"]
[Date "2013.3.5"]
[Round "1"]
[White "chris70"]
[Black "Tuarek"]
[Result "0-1"]
[WhiteElo "1312"]
[BlackElo "1679"]

1. e4 e5 2. Nf3 d6 3. Nc3 Nf6 4. Bb5+ c6 5. Bc4 h6 6. d4 Bg4 7. Be2 Be7 8. h3
Bxf3 9. Bxf3 O-O 10. O-O Qb6 11. d5 c5 12. b3 Qa5 13. Bb2 Nbd7 14. Qe2 a6 15.
Rfd1 b5 16. Bg4 Nxg4 17. Qxg4 Nf6 18. Qf3 b4 19. Ne2 Qb5 20. Qd3 Qxd3 0-1

[Event "AUTO-INT-2577"]
[Site "http://www.queenalice.com/game.php?id=1158232"]
[Date "2013.3.5"]
[Round "1"]
[White "Rouletabosse"]
[Black "chris70"]
[Result "1-0"]
[WhiteElo "1730"]
[BlackElo "1330"]

1. Nf3 c5 2. c4 Nc6 3. Nc3 Nf6 4. e4 d6 5. d3 g6 6. Be2 Bg7 7. O-O Be6 8. h3 a6
9. a3 O-O 10. Be3 h6 11. Qd2 g5 12. Nd5 Bxd5 13. exd5 Ne5 14. Nxe5 1-0

[Event "AUTO-INT-2577"]
[Site "http://www.queenalice.com/game.php?id=1158233"]
[Date "2013.3.5"]
[Round "1"]
[White "chris70"]
[Black "Rouletabosse"]
[Result "0-1"]
[WhiteElo "1332"]
[BlackElo "1728"]

1. e4 e6 2. Nc3 d5 3. d4 dxe4 4. Nxe4 a6 5. Nf3 Nd7 6. Be3 b5 7. c3 Bb7 8. Bd3
Ngf6 9. O-O Bxe4 10. Ng5 Bxd3 11. Qxd3 h6 12. Ne4 Nxe4 13. Qxe4 Nf6 14. Qc6+ Nd7
0-1

[Event "AUTO-INT-2577"]
[Site "http://www.queenalice.com/game.php?id=1158242"]
[Date "2013.3.5"]
[Round "1"]
[White "chris70"]
[Black "malouco"]
[Result "0-1"]
[WhiteElo "1326"]
[BlackElo "1548"]

1. e4 e5 2. Nf3 d6 3. d4 exd4 4. Nxd4 Nd7 5. Nc3 Be7 6. Bb5 c6 7. Bd3 c5 8. Nf3
Ngf6 9. O-O O-O 10. h3 Ne5 11. Nxe5 dxe5 12. Be3 b6 13. Qe2 a5 14. Rad1 Qc7 15.
Nd5 Nxd5 16. exd5 Bd7 17. Bf4 exf4 18. Qxe7 Rfe8 19. Qh4 g6 20. Rde1 Rxe1 0-1

[Event "AUTO-INT-2577"]
[Site "http://www.queenalice.com/game.php?id=1158243"]
[Date "2013.3.5"]
[Round "1"]
[White "malouco"]
[Black "chris70"]
[Result "1-0"]
[WhiteElo "1555"]
[BlackElo "1319"]

1. b3 d5 2. Bb2 Nc6 3. e3 e5 4. Bb5 Bd7 5. Ne2 Bb4 6. Bxc6 Bxc6 7. Bxe5 f6 8.
Bc3 Bxc3 9. Nbxc3 Qd6 10. O-O O-O-O 11. d4 Nh6 12. Na4 Ng4 13. Nf4 Bd7 14. Nc5
Qc6 15. b4 b6 16. Nxd7 Qxd7 17. Nxd5 h5 18. Nf4 Qf5 19. c3 g5 20. f3 Nxe3 21.
Qa4 Qxf4 22. Rfe1 1-0

[Event "AUTO-BEG-562"]
[Site "http://www.queenalice.com/game.php?id=1169004"]
[Date "2013.4.6"]
[Round "2"]
[White "Jonatamachado"]
[Black "chris70"]
[Result "1-0"]
[WhiteElo "1942"]
[BlackElo "1328"]

1. e4 c5 2. Nf3 d6 3. Bc4 Nf6 4. Nc3 e6 5. a3 Bd7 6. O-O Nc6 7. d3 h6 8. h3 a6
9. Nh2 Be7 10. f4 Nd4 11. Be3 e5 12. f5 Nh5 13. Qxh5 O-O 14. Bxd4 cxd4 15. Nd5
b5 16. Nxe7+ Qxe7 17. f6 gxf6 18. Qxh6 f5 19. Bd5 Rac8 20. exf5 Rc5 21. f6 1-0

[Event "AUTO-BEG-562"]
[Site "http://www.queenalice.com/game.php?id=1169005"]
[Date "2013.4.6"]
[Round "2"]
[White "chris70"]
[Black "Jonatamachado"]
[Result "0-1"]
[WhiteElo "1330"]
[BlackElo "1940"]

1. e4 e5 2. Nf3 Nc6 3. d4 d6 4. Bb5 Bg4 5. d5 a6 6. Bxc6+ bxc6 7. Nc3 Nf6 8.
dxc6 Be7 9. O-O O-O 10. h3 Be6 11. Qd3 Ne8 12. Nd5 f5 13. Nxe7+ Qxe7 14. Bg5 Qf7
15. b3 fxe4 16. Qxe4 h6 17. Bd2 Bd5 18. Qe2 Bxc6 19. a4 Bxf3 20. gxf3 Qh5 21.
Qc4+ Kh8 0-1

[Event "AUTO-BEG-562"]
[Site "http://www.queenalice.com/game.php?id=1169006"]
[Date "2013.4.6"]
[Round "2"]
[White "fontaine"]
[Black "chris70"]
[Result "1-0"]
[WhiteElo "2328"]
[BlackElo "1344"]

1. e4 c5 2. Nf3 d6 3. c3 Nc6 4. d4 cxd4 5. cxd4 Bg4 6. d5 Ne5 7. Nxe5 Bxd1 8.
Bb5+ Qd7 9. Bxd7+ Kd8 10. Nxf7+ Kxd7 11. Kxd1 1-0

[Event "AUTO-BEG-562"]
[Site "http://www.queenalice.com/game.php?id=1169007"]
[Date "2013.4.6"]
[Round "2"]
[White "chris70"]
[Black "fontaine"]
[Result "0-1"]
[WhiteElo "1310"]
[BlackElo "2450"]

1. e4 e5 2. Nf3 Nc6 3. Nc3 Nf6 4. d4 exd4 5. Nxd4 Bb4 6. Bd2 Nxd4 7. Nb5 Bxd2+
8. Qxd2 Nxb5 9. Bxb5 Nxe4 10. Qe2 O-O 11. Bd3 Nf6 12. O-O-O d5 13. f3 Be6 14. g4
c5 15. b3 Qa5 16. Kb1 c4 17. Bf5 Bxf5 18. gxf5 Qa3 0-1